书目信息 |
| 题名: |
我的插花故事
|
|
| 作者: | 秦莎 编著 | |
| 分册: | ||
| 出版信息: | 南京 江苏科学技术出版社 2016 |
|
| 页数: | 191页 | |
| 开本: | 21cm | |
| 丛书名: | ||
| 单 册: | ||
| 中图分类: | J525.12 | |
| 科图分类: | ||
| 主题词: | 插花--装饰美术 | |
| 电子资源: | ||
| ISBN: | 978-7-5537-6165-7 | |
| 000 | 00892nam0 2200229 450 | |
| 001 | 2372905645 | |
| 005 | 20231209213414.55 | |
| 010 | @a978-7-5537-6165-7@dCNY39.80 | |
| 100 | @a20160405d2016 em y0chiy50 ea | |
| 101 | 0 | @achi |
| 102 | @aCN@b320000 | |
| 105 | @aa z 000yy | |
| 200 | 1 | @a我的插花故事@Awo de cha hua gu shi@b专著@dMy floral story@zeng@f秦莎编著 |
| 210 | @a南京@c江苏科学技术出版社@d2016 | |
| 215 | @a191页@c彩图@d21cm | |
| 330 | @a本书在《我的插花日记》的基础上,更进一步着重讲解不同花器的应用方式,介绍更多花艺技巧,满足读者更深的阅读和借鉴需要。该书以人生历程为轴线,以婚姻作为全书转折点。单身花艺设计以营造氛围、体现个性为主;婚后花艺设计以庆祝结婚周年纪念为主题进行不同的创作。 | |
| 510 | 1 | @aMy floral story@zeng |
| 606 | 0 | @a插花@x装饰美术 |
| 690 | @aJ525.12@v5 | |
| 701 | 0 | @a秦莎@Aqin sha@4编著 |
| 801 | 0 | @aCN@b91MARC@c20160516 |
| 905 | @aZUCC@dJ525.12@e17 | |
| 我的插花故事=My floral story/秦莎编著.-南京:江苏科学技术出版社,2016 |
| 191页:彩图;21cm |
| ISBN 978-7-5537-6165-7:CNY39.80 |
| 本书在《我的插花日记》的基础上,更进一步着重讲解不同花器的应用方式,介绍更多花艺技巧,满足读者更深的阅读和借鉴需要。该书以人生历程为轴线,以婚姻作为全书转折点。单身花艺设计以营造氛围、体现个性为主;婚后花艺设计以庆祝结婚周年纪念为主题进行不同的创作。 |
| ● |
| 相关链接 |
|
|
|
正题名:我的插花故事
索取号:J525.12/17
 
预约/预借
| 序号 | 登录号 | 条形码 | 馆藏地/架位号 | 状态 | 备注 |
| 1 | 2001033273 | 2001033273 | 第四书库/四35架B面4层6列/ [索取号:J525.12/17] | 在馆 | |
| 2 | 2001033274 | 2001033274 | 第四书库/四35架B面4层6列/ [索取号:J525.12/17] | 在馆 | |
| 3 | 2001033275 | 2001033275 | 第四书库/四35架B面4层6列/ [索取号:J525.12/17] | 在馆 | |
| 4 | 2001033276 | 2001033276 | 第四书库/四35架B面4层6列/ [索取号:J525.12/17] | 在馆 | |
| 5 | 2001033277 | 2001033277 | 第四书库/四35架B面4层6列/ [索取号:J525.12/17] | 在馆 | |
| 6 | 2001033278 | 2001033278 | 第四书库/四35架B面4层6列/ [索取号:J525.12/17] | 在馆 |